ARRUPE JESUIT UNIVERSITY

CORONAVIRUS -STOP THE SPREAD - CLEAN,DISINFECT,COVER

Religion in the primary school (Record no. 120654)

MARC details
000 -LEADER
fixed length control field 00466nam a22001457a 4500
008 - FIXED-LENGTH DATA ELEMENTS--GENERAL INFORMATION
fixed length control field 140606b xxu||||| |||| 00| 0 eng d
020 ## - INTERNATIONAL STANDARD BOOK NUMBER
International Standard Book Number 9780005999240
050 ## - LIBRARY OF CONGRESS CALL NUMBER
Classification number LC377.F818
100 ## - MAIN ENTRY--PERSONAL NAME
Personal name Francis, Leslie J.
9 (RLIN) 10698
245 ## - TITLE STATEMENT
Title Religion in the primary school
Remainder of title partnership between church and state?
Statement of responsibility, etc Leslie J. Francis
260 ## - PUBLICATION, DISTRIBUTION, ETC. (IMPRINT)
Place of publication, distribution, etc Glasgow
Name of publisher, distributor, etc Collins
Date of publication, distribution, etc 1987
300 ## - PHYSICAL DESCRIPTION
Extent 215p. ;
Dimensions 22cm.
650 ## - SUBJECT ADDED ENTRY--TOPICAL TERM
Topical term or geographic name as entry element Catholic primary schools
9 (RLIN) 10699
942 ## - ADDED ENTRY ELEMENTS (KOHA)
Source of classification or shelving scheme Library of Congress Classification
Item type Monograph ( Printed materials)
Koha issues (borrowed), all copies 2
Holdings
Withdrawn status Lost status Source of classification or shelving scheme Damaged status Not for loan Collection code Home library Current library Shelving location Date acquired Total Checkouts Full call number Barcode Date last seen Date last borrowed Price effective from Koha item type
    Library of Congress Classification     Main Collection ARRUPE LIBRARY ARRUPE LIBRARY Main Collection 06/06/2014 2 LC377.F818 46500000612 28/06/2018 29/04/2015 06/06/2014 Monograph ( Printed materials)

 

Arrupe Library. PO Box MP320 Mt Pleasant, Harare, Zimbabwe
263 242 745411|librarian@aju.ac.zw